CZASEM ZDAJE SIĘ, ŻE NIEKTÓRZY POTRAFIĄ NON-STOP - Statystyki

Ogólne statystyki
  • Ten quiz został rozwiązany 19 razy
    13 od ostatniego zresetowania
  • Średni wynik to 3 z 7
Statystyki odpowiedzi
Odpowiedź % Poprawnych
MÓWIĆ
75%
SPAĆ
75%
JEŚĆ
50%
PIĆ
38%
GRAĆ W GRY
25%
PRACOWAĆ
25%
PISAĆ SMS
13%
Nie znaleziono quizów pasujących do podanych kryteriów
Rozkład punktacji
Procent ludzi z każdym wynikiem
Percentyl według liczby udzielonych odpowiedzi
Twoja historia wyników
Nie rozwiązałeś tego quizu od ostatniego zresetowania